000 01596nam0a2200337 4500
001 RU\NLR\BIBL_A\022173792
005 20260407173623.0
010 _a978-5-85638-123-7
_91600
035 _a(NLR Aleph) 022173792
090 _a12960383
_c12960383
100 _a20240320d2007 |||y0rusy50 ca
101 0 _arus
102 _aRU
105 _aa z 100yy
181 0 _ai
_baxxe
182 0 _an
200 1 _aРоль библиотек в обеспечении доступа к информации и знаниям в информационном веке
_eежегодный доклад конференции "Крым". Год 2007
_fЯ. Л. Шрайберг
_gМеждународная конференция "Крым 2007"
203 _aТекст
_bвизуальный
_cнепосредственный
210 _aСудак
_aМосква
_c[б. и.]
_d2007
215 _a47 с.
_cил.
_d20
320 _aБиблиогр. в подстроч. примеч.
606 1 _aБиблиотеки
_jСъезды, совещания и т.п.
_xИнформационно-библиографическая работа
_92272923
_3RU\NLR\AUTH\661362225
686 1 _aЧ735.272я431
700 1 _aШрайберг
_bЯ.Л.
_f1952-
_gЯков Леонидович
_3RU\NLR\AUTH\77100930
_983856
711 1 2 _a"Крым 2007", международная конференция
_d14
_eСудак
_3RU\NLR\AUTH\8810110713
_9721283
942 _cBOOK
980 _aNB